Vulgaridades sobre la higiene de las flores (Record no. 161360)

MARC details
000 -LEADER
campo de control de longitud fija 00846nam a22002055i 4500
001 - NÚMERO DE CONTROL
campo de control 161360
003 - IDENTIFICADOR DE NÚMERO DE CONTROL
campo de control ES-MaACL
005 - FECHA Y HORA DE LA ÚLTIMA TRANSACCIÓN
campo de control 20250929063233.0
008 - DATOS DE LONGITUD FIJA--INFORMACIÓN GENERAL
campo de control de longitud fija 981002s1887 sp |||| | spa d
040 ## - FUENTE DE CATALOGACIÓN
Centro catalogador/agencia de origen CLM
Lengua de catalogación spa
Centro/agencia transcriptor CCPB | 3D
100 0# - ENTRADA PRINCIPAL--NOMBRE DE PERSONA
Nombre de persona Parada y Santín, José,
Fechas asociadas al nombre 1857-1923
9 (RLIN) 88911
245 10 - MENCIÓN DEL TÍTULO
Título Vulgaridades sobre la higiene de las flores
Resto del título : conferencia para señoras /
Mención de responsabilidad, etc. por José Parada y Santín.
260 ## - PUBLICACIÓN, DISTRIBUCIÓN, ETC.
Lugar de publicación, distribución, etc. Madrid :
Nombre del editor, distribuidor, etc. Sociedad Española de Higiene,
Fecha de publicación, distribución, etc. 1887 (
Fabricante R. Velasco, imp.)
300 ## - DESCRIPCIÓN FÍSICA
Extensión 24 p. ;
Dimensiones 18 cm.
490 1# - MENCIÓN DE SERIE
Mención de serie Publicaciones de la Sociedad Española de Higiene
650 #4 - PUNTO DE ACCESO ADICIONAL DE MATERIA--TÉRMINO DE MATERIA
Término de materia o nombre geográfico como elemento de entrada Floricultura.
9 (RLIN) 12912
830 0# - PUNTO DE ACCESO ADICIONAL DE SERIE-TÍTULO UNIFORME
Título uniforme Publicaciones de la Sociedad Española de Higiene
9 (RLIN) 182452
852 ## - LOCALIZACIÓN
Ubicación ES-MaACL
Número de control de estantería T-481-F-5
Nota libre -- Enc. hol.
condición física -- Falto de la cub. original
Nota libre -- Enc. en un vol. facticio
Holdings
Estatus retirado Estado de pérdida Estado de daño No para préstamo Colección Biblioteca de origen Biblioteca actual Ubicación en estantería Fecha de adquisición Total de préstamos Signatura topográfica completa Código de barras Visto por última vez Precio de reemplazo Tipo de ítem Koha
        Colección de folletos Biblioteca del Ateneo de Madrid Biblioteca del Ateneo de Madrid Depósito folletos 17/01/2008   T-481-F-5 1169019 23/02/2023 23/02/2023 Folleto